Bài tập vật lí hạt nhân

Giới thiệu bài tập và lời giải, đáp số các phần: các lượng tử ánh sáng, cấu tạo nguyên tử và phổ của các nguyên tử dạng hyđrô, tính chất sóng của các hạt, sự lượng tử hoá năng lượng, các tia rơnghen và plasma, các nguyên tử phức tạp, vật lý hạt nhân...

Ausführliche Beschreibung

Gespeichert in:
Bibliographische Detailangaben
1. Verfasser: Nguyễn Triệu Tú
Format: Buch
Sprache:Vietnamese
Veröffentlicht: H. Giáo dục 2005
Schlagworte:
Tags: Tag hinzufügen
Keine Tags, Fügen Sie den ersten Tag hinzu!
Thư viện lưu trữ: Mạng thư viện Đại học Đà Nẵng
LEADER 01582aam a22003978a 4500
001 000019741
003 16180
005 20141103141159.0
008 140820s2005 viesd
020 |c 31800đ  |d 1000b 
041 |a vie 
082 1 4 |2 14  |a 539.7  |b NG-T 
084 |a C3z73 
084 |b B000T 
100 1 |a Nguyễn Triệu Tú 
245 1 0 |a Bài tập vật lí hạt nhân  |c Nguyễn Triệu Tú 
246 |a Bài tập vật lý hạt nhân 
260 |a H.  |b Giáo dục  |c 2005 
300 |a 266 tr.  |b hình vẽ  |c 24 cm. 
504 |a Thư mục: tr. 266 
520 |a Giới thiệu bài tập và lời giải, đáp số các phần: các lượng tử ánh sáng, cấu tạo nguyên tử và phổ của các nguyên tử dạng hyđrô, tính chất sóng của các hạt, sự lượng tử hoá năng lượng, các tia rơnghen và plasma, các nguyên tử phức tạp, vật lý hạt nhân 
650 0 4 |2 Bộ TK TVQG  |a Vật lí hạt nhân  |v Bài tập 
650 7 |2 Bộ TK TVQG 
650 7 |2 Bộ TK TVQG 
653 |a Vật lý hạt nhân 
655 7 |2 Bộ TK TVQG  |a Giáo trình 
OWN |a LSP 
AVA |a UDN50  |b LSP  |d 539.7 NG-T  |e available  |t Error 5001 Not defined in file expand_doc_bib_avail.  |f 2  |g 0  |h N  |i 0  |k 1 
999 |a From the UDN01 
AVA |a UDN50  |b LSP  |d 539.7 NG-T  |e available  |t Error 5001 Not defined in file expand_doc_bib_avail.  |f 2  |g 0  |h N  |i 0  |k 1 
TYP |a Monograph 
TYP |a Printed language 
980 |a Mạng thư viện Đại học Đà Nẵng